000 00688nam a2200193Ii 4500
003 JO-AjNU
008 230605s9999||||xx |||||||||||||| ||und||
040 _aJO-AjNU
_bara
_erda
_cJO-AjNU
041 _aara
050 1 4 _aD421.S85 1974
100 3 _aسطحية، محمد محمد,
_eauthor
_938277
245 0 0 _aالجغرافية الإقليمية: دراسة لمناطق العالم الكبرى
264 3 1 _aبيروت: دار النهضة العربية، 1974
300 _a463ص
336 _atext
_btxt
_2rdacontent
337 _aunmediated
_bn
_2rdamedia
338 _avolume
_bnc
_2rdacarrier
650 4 _aجغرافية اقليمية- جغرافية طبيعية
_938278
999 _aA16068
_c19636
_d19636